[Event "Buenos Aires ol (Men)"]
[Site "Buenos Aires"]
[Date "1978.??.??"]
[Round "?"]
[White "Stean, Michael"]
[Black "Hug, Werner"]
[Result "1/2-1/2"]
[WhiteElo "2510"]
[BlackElo "2460"]

1.Nf3 Nf6 2.c4 d6 3.d4 g6 4.g3 Bg7 5.Bg2 O-O 6.O-O c6 7.Nc3 Bg4 8.h3 Bxf3
9.Bxf3 Nbd7 10.e4 e5 11.d5 c5 12.h4 h5 13.Bg5 Qb6 14.Qd2 Kh7 15.Bg2 a6 16.Bh3 Rae8
17.a4 Qc7 18.f3 Ng8 19.g4 Ndf6 20.Be3 Qd8 21.a5 Kh8 22.Qf2 Nh7 23.Qg3 Bh6
24.g5 Bg7 25.Ne2 Re7 26.b4 cxb4 27.Rfb1 f6 28.Rxb4  1/2-1/2

[Event "Clarin-B"]
[Site "Buenos Aires"]
[Date "1978.??.??"]
[Round "15"]
[White "Foguelman, Alberto"]
[Black "Garcia, Raimundo"]
[Result "1/2-1/2"]
[WhiteElo "2335"]
[BlackElo "2435"]

1.d4 Nf6 2.c4 d6 3.Nf3 g6 4.g3 Bg7 5.Bg2 O-O 6.O-O Nc6 7.Nc3 Rb8 8.h3 a6
9.Be3 b5 10.cxb5 axb5 11.Rc1 Bd7 12.b3 b4 13.d5 bxc3 14.dxc6 Bxc6 15.Bd4 Be4
16.Bxc3 c5 17.Qd2 Qc8 18.Kh2 Qa6 19.Rfd1 Ra8 20.Ra1 Qb7 21.Qb2 Ra6 22.Ne1 Rfa8
23.Bxe4 Nxe4 24.Bxg7 Nxf2 25.Nf3 Nxd1 26.Rxd1 Rxa2 27.Qc3 Rxe2+ 28.Kg1 Raa2  1/2-1/2

[Event "Dortmund"]
[Site "Dortmund"]
[Date "1978.??.??"]
[Round "3"]
[White "Tatai, Stefano"]
[Black "Marjanovic, Slavoljub"]
[Result "1-0"]
[WhiteElo "2455"]
[BlackElo "2450"]

1.d4 Nf6 2.c4 g6 3.g3 Bg7 4.Bg2 O-O 5.Nf3 d6 6.O-O Nc6 7.Nc3 Bg4 8.d5 Na5
9.Qd3 c5 10.h3 Bxf3 11.exf3 a6 12.Rb1 Nd7 13.b3 Rb8 14.a4 Re8 15.Bd2 b6 16.Rfe1 Qc7
17.f4 Rbd8 18.f5 Nf8 19.h4 gxf5 20.Qxf5 e5 21.Ne4 Qd7 22.Qxd7 Rxd7 23.Bh3 Nb7
24.Bxd7 Nxd7 25.g4 a5 26.Ng3 f6 27.Nf5 Bf8 28.Re4 Nd8 29.Kh2 Nf7 30.Rg1 Be7
31.Bh6 Nf8 32.f4 Ng6 33.h5 Nh4 34.Nxh4 Nxh6 35.g5 fxg5 36.fxg5 Nf7 37.Reg4 Kh8
38.Nf5 h6 39.gxh6 e4 40.Rg7 Ne5 41.Nxe7  1-0

[Event "DDR-ch 27th"]
[Site "Eggesin/Torgelow"]
[Date "1978.??.??"]
[Round "7"]
[White "Moehring, Guenther"]
[Black "Knaak, Rainer"]
[Result "0-1"]
[WhiteElo "2405"]
[BlackElo "2520"]

1.Nf3 Nf6 2.g3 g6 3.c4 Bg7 4.Bg2 d6 5.d4 O-O 6.O-O Nbd7 7.Nc3 e5 8.e4 a6
9.b3 b5 10.cxb5 axb5 11.dxe5 dxe5 12.Bb2 c6 13.Qc2 Qe7 14.a4 b4 15.Nb1 Ba6
16.Rc1 Rfd8 17.Nbd2 Bh6 18.Bf1 Bxf1 19.Kxf1 Rac8 20.Kg2 Bxd2 21.Nxd2 Nc5
22.Nf3 Nfxe4 23.Re1 f5 24.Rad1 Rxd1 25.Rxd1 Nd7 26.Qc4+ Kf8 27.Qa6 Rc7 28.Qa8+ Qe8
29.Qa5 Rb7 30.Nxe5 c5 31.Qa6 Rc7 32.Nf3 Nb8 33.Qb6 Rd7 34.Rxd7 Nxd7 35.Qc6 Ke7
36.Bc1 Qg8 37.Ng5 Nef6 38.Be3 Qd5+ 39.Qxd5 Nxd5 40.Bd2 c4 41.bxc4 b3 42.Bc1 N5b6
43.Nxh7 Nxc4 44.Kf3 Nc5 45.Ke2 Nxa4 46.Kd3 Ne5+ 47.Kd4 Ng4 48.Ba3+ Kf7 49.Ng5+ Kf6
50.Nf3 b2 51.Nd2 Nxf2 52.Nb1 Kg5 53.Kc4 Ne4 54.Kb3 Nec5+ 55.Kc2 Kg4 56.Nd2 Kh3
57.Nf3 Nd3 58.Nd2 Ne1+ 59.Kb3 Nf3 60.Nb1 Nb6 61.Bxb2 Kxh2 62.Nc3 Kxg3 63.Ne2+ Kf2
64.Nf4 g5 65.Nh5 g4 66.Ba3 Nd4+ 67.Ka2 Nd7 68.Bd6 Ne2 69.Kb2 Ke3 70.Kc2 f4
71.Kd1 f3 72.Ke1 f2+ 73.Kf1 Kf3  0-1

[Event "Halle 12th (Women)"]
[Site "Halle"]
[Date "1978.??.??"]
[Round "5"]
[White "Eretova, Kveta"]
[Black "Feustel, Petra"]
[Result "1-0"]
[WhiteElo "2120"]
[BlackElo "2175"]

1.d4 Nf6 2.c4 g6 3.Nf3 Bg7 4.g3 O-O 5.Bg2 d6 6.Nc3 Nc6 7.O-O a6 8.d5 Na5
9.Nd2 c5 10.Rb1 Rb8 11.Qc2 Qc7 12.b3 b5 13.Bb2 Nd7 14.e4 bxc4 15.bxc4 Ne5
16.Nd1 Bb7 17.Ne3 Ba8 18.Bh3 Bf6 19.f4 Nd7 20.e5 dxe5 21.Bxd7 exf4 22.Bxf6 Rxb1
23.Rxb1 Qxd7 24.Ne4 fxe3 25.Ba1 Nxc4 26.Qxc4 Qxd5 27.Qxd5 Bxd5 28.Nc3 Be6
29.Kg2 h5 30.Kf3 Kh7 31.Kxe3 g5 32.Rb7 Kg6 33.Rxe7 Rd8 34.Rc7 c4 35.Rc6 Rd3+
36.Ke2 Kf5 37.Nd1 Bd5 38.Rc5 Ke6 39.Ne3 g4 40.Rxd5  1-0

[Event "Lvov zt"]
[Site "Lvov"]
[Date "1978.??.??"]
[Round "3"]
[White "Smyslov, Vassily"]
[Black "Gulko, Boris F"]
[Result "1/2-1/2"]
[WhiteElo "2575"]
[BlackElo "2570"]

1.d4 Nf6 2.Nf3 g6 3.c4 Bg7 4.g3 O-O 5.Bg2 d6 6.O-O Nc6 7.Nc3 Bf5 8.d5 Na5
9.Nd4 Bd7 10.b3 c5 11.dxc6 bxc6 12.Bd2 Rb8 13.Rc1 c5 14.Nc2 Nc6 15.Ne3 Nb4
16.a3 Nc6 17.Ncd5 a5 18.Bc3 Nxd5 19.Nxd5 Be6 20.Nf6+ Bxf6 21.Bxf6 exf6 22.Bxc6 Qb6
23.Ba4 Rfd8 24.e4 Qb7 25.Re1 f5 26.exf5 Bxf5 27.Rc3 d5  1/2-1/2

[Event "Lvov zt"]
[Site "Lvov"]
[Date "1978.??.??"]
[Round "6"]
[White "Bagirov, Vladimir"]
[Black "Geller, Efim P"]
[Result "1-0"]
[WhiteElo "2495"]
[BlackElo "2590"]

1.d4 Nf6 2.c4 g6 3.Nf3 Bg7 4.g3 O-O 5.Bg2 d6 6.O-O Nbd7 7.Nc3 e5 8.e4 c6
9.h3 Qb6 10.Re1 exd4 11.Nxd4 Re8 12.Re2 Ng4 13.Rd2 Nge5 14.b3 Nc5 15.Rc2 Bxh3
16.Bxh3 Nxe4 17.Be3 Nxc3 18.Rxc3 c5 19.Nc2 Nf3+ 20.Qxf3 Bxc3 21.Bxc5 Qxc5
22.Qxc3 d5 23.Bf1 dxc4 24.Bxc4 Qf5 25.Rd1 Rad8 26.Rxd8 Rxd8 27.Ne3 Qf3 28.a4 h5
29.Qa5 b6 30.Qxa7 Rd2 31.Qb8+ Kg7 32.Qf4 Rxf2 33.Qxf3 Rxf3 34.Nd5 Rxg3+ 35.Kh2 Rf3
36.Kg2 Rf5 37.Nxb6 g5 38.Bd5 Re5 39.a5 Re2+ 40.Kf3 Ra2 41.Na4 Rd2 42.Bb7 Rd3+
43.Ke2 Rxb3  1-0

[Event "Lvov zt"]
[Site "Lvov"]
[Date "1978.??.??"]
[Round "10"]
[White "Romanishin, Oleg M"]
[Black "Tseshkovsky, Vitaly"]
[Result "1/2-1/2"]
[WhiteElo "2610"]
[BlackElo "2570"]

1.Nf3 g6 2.c4 Bg7 3.d4 Nf6 4.g3 O-O 5.Bg2 d6 6.O-O a6 7.Qc2 Nc6 8.Nc3 Bf5
9.e4 Bg4 10.Be3 Nd7 11.Qd2 e5 12.d5 Bxf3 13.dxc6 Bxg2 14.cxb7 Bf3 15.Bg5 f6
16.Qd5+ Kh8 17.bxa8=Q Qxa8 18.Qxa8 Rxa8 19.Be3 f5 20.c5 Nf6 21.cxd6 cxd6
22.Rfc1 fxe4 23.Bg5 Ne8 24.Nd5 e3 25.Nb6 Rb8 26.Bxe3 d5 27.Nd7 Rd8 28.Nc5 d4
29.Bg5 Rd5 30.Ne6 Rd6 31.Nxg7 Kxg7 32.Rc5 h6 33.Bd2 Re6 34.Re1 Kf6 35.Bxh6 Nd6
36.h4 Ne4 37.Rc8 Kf5 38.Bg7 Kg4 39.Rf8 Re7 40.Bxe5 Rxe5 41.Rf4+ Kh3 42.g4 Bg2
43.f3 Kg3 44.Rfxe4 Rc5 45.Rxd4 Rc2 46.Rd3 Bxf3 47.Rxf3+ Kxf3 48.Re6 Rxb2
49.Rxa6 Kxg4 50.Rxg6+ Kh3 51.a4 Ra2 52.Ra6 Kxh4 53.a5 Kg3  1/2-1/2

[Event "Lvov zt"]
[Site "Lvov"]
[Date "1978.??.??"]
[Round "12"]
[White "Kochyev, Alexander"]
[Black "Dorfman, Josif D"]
[Result "1/2-1/2"]
[WhiteElo "2555"]
[BlackElo "2550"]

1.Nf3 Nf6 2.c4 g6 3.d4 Bg7 4.g3 O-O 5.Bg2 d6 6.O-O Nc6 7.Nc3 e5 8.dxe5 Nxe5
9.Nxe5 dxe5 10.Qxd8 Rxd8 11.Bg5 Rd4 12.b3 c6 13.Rad1 Rxd1 14.Rxd1 Be6 15.Ne4  1/2-1/2

[Event "Lvov zt"]
[Site "Lvov"]
[Date "1978.??.??"]
[Round "13"]
[White "Romanishin, Oleg M"]
[Black "Tukmakov, Vladimir B"]
[Result "1/2-1/2"]
[WhiteElo "2610"]
[BlackElo "2560"]

1.Nf3 Nf6 2.c4 g6 3.d4 Bg7 4.g3 d6 5.Bg2 O-O 6.O-O Nc6 7.Nc3 a6 8.d5 Na5
9.b3 c5 10.Bb2 Rb8 11.Nd2 b5 12.Rb1 bxc4 13.bxc4 Bh6 14.Ba1 Bd7 15.e3 Qc7
16.Qc2 Bg7 17.h3 Rb4 18.a3 Rxb1 19.Rxb1 Rb8 20.Nd1 Rxb1 21.Qxb1 Qb7 22.Qc2 Qb6
23.Bc3 Ne8 24.Nb2 Nb7 25.Nd3 Nd8 26.Bxg7 Nxg7 27.Qc3 Ba4 28.Nf4 Bd7 29.g4 f6
30.Ne2 Nf7 31.Ng3 f5 32.gxf5 Nxf5 33.Nxf5 Bxf5 34.f4 Qb8 35.Kh2 Bd7 36.Nf1 Qc7
37.Ng3 Bc8 38.Bf3 Nh6 39.Ne4 Nf7 40.Qb2 Bf5 41.Nf2 Bd7 42.h4 Nh6 43.e4 Nf7
44.Kg2 e5 45.dxe6 Bxe6 46.Qc3 Qe7 47.Kg3 h5 48.Nd1 Nd8 49.Qd3 Bf7 50.Ne3 Nc6
51.Nd5  1/2-1/2

[Event "SWE-ch"]
[Site "SWE"]
[Date "1978.??.??"]
[Round "?"]
[White "Renman, Nils Gustaf"]
[Black "Wedberg, Tom"]
[Result "1-0"]
[WhiteElo "2400"]
[BlackElo "2360"]

1.Nf3 g6 2.c4 Bg7 3.d4 d6 4.g3 Nf6 5.Bg2 O-O 6.O-O Nc6 7.Nc3 Bf5 8.d5 Na5
9.Nd2 c5 10.e4 Bg4 11.Qc2 e5 12.b3 Qd7 13.Bb2 Nh5 14.Rae1 Bh3 15.Ne2 Bxg2
16.Kxg2 f5 17.f4 Rae8 18.exf5 gxf5 19.Nf3 e4 20.Ng5 Bxb2 21.Qxb2 Ng7 22.Nc3 b6
23.Nd1 b5 24.Qd2 Nb7 25.Ne3 b4 26.Kh1 Nd8 27.a3 bxa3 28.Ra1 Nb7 29.Rxa3 a5
30.Qc3 Qe7 31.Nh3 Qf6 32.Qxf6 Rxf6 33.Ng1 Kf7 34.Ne2 Ke7 35.Nc3 Kd7 36.Nb5 Ra8
37.Ra2 Rg6 38.Kg2 Rf6 39.h3 h5 40.Kf2 Ne8 41.Ke1 Nc7 42.Nxc7 Kxc7 43.Rg1 Raf8
44.Rf2 Nd8 45.g4 fxg4 46.hxg4 Rxf4 47.Rxf4 Rxf4 48.g5 Nf7 49.g6 Nh6 50.g7 Ng8
51.Rf1 Rxf1+ 52.Kxf1 Kb6 53.Nf5 h4 54.Nxd6 e3 55.Nf5 h3 56.Nxe3 h2 57.Kg2  1-0

[Event "Vilnius"]
[Site "Vilnius"]
[Date "1978.??.??"]
[Round "2"]
[White "Csom, Istvan"]
[Black "Tukmakov, Vladimir B"]
[Result "1/2-1/2"]
[WhiteElo "2510"]
[BlackElo "2560"]

1.d4 Nf6 2.c4 g6 3.Nf3 Bg7 4.g3 O-O 5.Bg2 d6 6.Nc3 Nc6 7.O-O a6 8.b3 Rb8
9.Bb2 b5 10.cxb5 axb5 11.Rc1 Bd7 12.Ne1 Nb4 13.a3 Na6 14.b4 c5 15.dxc5  1/2-1/2

[Event "URS-ch U26"]
[Site "Vilnius"]
[Date "1978.??.??"]
[Round "9"]
[White "Kharitonov, Andrei Y"]
[Black "Agzamov, Georgy"]
[Result "1/2-1/2"]
[WhiteElo "2435"]
[BlackElo "2390"]

1.Nf3 Nf6 2.c4 g6 3.d4 Bg7 4.g3 O-O 5.Bg2 d6 6.O-O Nbd7 7.Nc3 e5 8.h3 Re8
9.e4 exd4 10.Nxd4 c6 11.Be3 Nc5 12.Qc2 a5 13.Rfe1 Qc7 14.Rad1 Nfd7 15.b3 Na6
16.a3 Ndc5 17.Rb1 Ne6 18.Nde2 Nac5 19.Red1 Nf8 20.b4 axb4 21.axb4 Ncd7 22.Na4 Ne5
23.Nb6 Ra3 24.Rb3 Rxb3 25.Qxb3 Be6 26.Nf4 Ned7 27.Nxe6 Rxe6 28.Nxd7 Nxd7
29.c5 dxc5 30.bxc5 Bf8 31.Qc2 b6 32.cxb6 Nxb6 33.Bf4 Bd6 34.Bh6 Bf8 35.Bxf8 Kxf8  1/2-1/2

[Event "URS-ch U26"]
[Site "Vilnius"]
[Date "1978.??.??"]
[Round "13"]
[White "Vladimirov, Evgeny"]
[Black "Chekhov, Valery A"]
[Result "1/2-1/2"]
[WhiteElo "2445"]
[BlackElo "2470"]

1.Nf3 Nf6 2.c4 g6 3.g3 d6 4.d4 Bg7 5.Bg2 O-O 6.O-O c6 7.Nc3 Nbd7 8.e4 e5
9.h3 Qb6 10.d5 Nc5 11.Ne1 Bd7 12.Nd3 Nxd3 13.Qxd3 cxd5 14.cxd5 Rfc8 15.Qe2 Qd8
16.Be3 Qf8 17.Rfc1 Bh6 18.Kh2 Bxe3 19.Qxe3 Qd8 20.a3 Qa5 21.Bf1 Qc5 22.Qxc5 Rxc5
23.Bd3 Kf8 24.h4 Ke7 25.f3 Rac8 26.Kg2 Ba4 27.Kf2 Bb3 28.Ke3 Nd7 29.Ne2 Nb6
30.Rxc5 Rxc5 31.Nc1 Ba4 32.b3 Bd7 33.Ne2 Rc8 34.Rc1 Rb8 35.Nc3 f5 36.Bb5 Rf8
37.Bxd7 Nxd7 38.Ne2 Kd8 39.g4 fxe4 40.fxe4 Nf6 41.Rg1 Kd7 42.g5 Nh5 43.Rg2 Rf1
44.Rg1 Rf7 45.Rg2 Rf1 46.Rg1 Rxg1 47.Nxg1 Nf4 48.Ne2 Nxe2  1/2-1/2

[Event "Zamardi"]
[Site "Zamardi"]
[Date "1978.??.??"]
[Round "?"]
[White "Marosi, Gyorgy"]
[Black "Bielczyk, Jacek"]
[Result "1/2-1/2"]
[WhiteElo "2380"]
[BlackElo "2380"]

1.Nf3 g6 2.c4 Bg7 3.d4 Nf6 4.g3 O-O 5.Bg2 d6 6.O-O Nbd7 7.Nc3 e5 8.e4 c6
9.h3 Qb6 10.Re1 exd4 11.Nxd4 Ne8 12.Nb3 a5 13.Be3 Qb4 14.Rc1 a4 15.Nd4 Qxb2
16.Bf1 Nc5 17.Rc2 Qb4 18.Qd2 Nc7 19.Bf4 Rd8 20.Bg5 Re8 21.Bf4 Be5 22.Be3 N7e6
23.Rb1 Qa5 24.Nde2 Qc7  1/2-1/2

[Event "IBM-B"]
[Site "Amsterdam"]
[Date "1979.??.??"]
[Round "10"]
[White "Spassov, Liuben"]
[Black "Baljon, Christofoor"]
[Result "1-0"]
[WhiteElo "2470"]
[BlackElo "2255"]

1.Nf3 Nf6 2.c4 g6 3.d4 Bg7 4.g3 O-O 5.Bg2 d6 6.O-O Nc6 7.Nc3 e5 8.d5 Ne7
9.e4 Nd7 10.b4 Kh8 11.Qc2 f5 12.Ng5 Nf6 13.Ne6 Bxe6 14.dxe6 Nc6 15.exf5 Nd4
16.Qd3 gxf5 17.Be3 c5 18.Rad1 Qc8 19.Nb5 Ne8 20.Bd5 e4 21.Qb1 Nf3+ 22.Kg2 Be5
23.bxc5 dxc5 24.Na3 Nd6 25.Nb5 Qe8 26.Nxd6 Bxd6 27.Bxe4 fxe4 28.Rxd6 Qh5
29.Qb2+ Kg8 30.h3 Ne5 31.Rd5 Rf5 32.Rxe5 Rxe5 33.g4  1-0

[Event "AUT-ch"]
[Site "AUT"]
[Date "1979.??.??"]
[Round "8"]
[White "Groiss, Werner"]
[Black "Swoboda, Ernst"]
[Result "1-0"]
[WhiteElo "2200"]
[BlackElo "2200"]

1.d4 g6 2.Nf3 Bg7 3.g3 Nf6 4.Bg2 d6 5.c4 O-O 6.O-O Nc6 7.d5 Na5 8.Nfd2 c5
9.Nc3 e5 10.Qc2 Nh5 11.b3 f5 12.e3 g5 13.Bb2 b6 14.Ne2 Qe7 15.Rae1 f4 16.exf4 gxf4
17.Bf3 Qf7 18.Ne4 Qg6 19.N2c3 Bh3 20.Qd1 Nf6 21.Nxf6+ Rxf6 22.Ne4 Rf5 23.Kh1 Bxf1
24.Rxf1 fxg3 25.Nxg3 Rff8 26.Be4 Qg5 27.Qd3 Rf7 28.Bc1 Qh4 29.Nf5 Qd8 30.Rg1 Kh8
31.Nxg7 Rxg7 32.Rxg7 Kxg7 33.Qg3+ Kh8 34.Bg5 Qf8 35.Qh4 Qf7 36.Bf6+ Kg8 37.Bf5 Re8
38.Qg5+ Kf8 39.Qh6+ Kg8 40.Qg5+ Kf8 41.Qh6+ Kg8 42.h4 b5 43.h5 bxc4 44.bxc4 Nxc4
45.Be6 Rxe6 46.dxe6 Qxh5+ 47.Qxh5 Ne3 48.Qf7+  1-0

[Event "JUG-34ch"]
[Site "Bjelovar"]
[Date "1979.??.??"]
[Round "1"]
[White "Notaros, Krasoje"]
[Black "Todorcevic, Miodrag"]
[Result "0-1"]
[WhiteElo "2370"]
[BlackElo "2455"]

1.Nf3 g6 2.g3 Bg7 3.d4 Nf6 4.Bg2 O-O 5.c4 d6 6.Nc3 Nbd7 7.O-O e5 8.e4 a5
9.dxe5 dxe5 10.h3 c6 11.Be3 Qe7 12.Qc2 Ne8 13.c5 Nc7 14.Na4 Ne6 15.Qc4 Re8
16.Rfe1 Nc7 17.Nd2 Nb5 18.Nb3 Nf8 19.Nb6 Be6 20.Qc1 Ra7 21.a4 Nc7 22.Nc4 Bxc4
23.Qxc4 Nce6 24.Qc3 Qc7 25.f3 Nd4 26.Bf2 Nfe6 27.Nxd4 exd4 28.Qc4 g5 29.Rab1 Be5
30.Red1 Raa8 31.b4 axb4 32.Qxb4 Ra7 33.Rb3 Rea8 34.a5 Rxa5 35.Qxb7 Qxb7 36.Rxb7 Rxc5
37.Rb2 Rc3 38.Be1 Rca3 39.Rc2 c5 40.f4 gxf4 41.gxf4 Bxf4  0-1

[Event "HUN-ch"]
[Site "Budapest"]
[Date "1979.??.??"]
[Round "5"]
[White "Orso, Miklos"]
[Black "Schneider, Attila"]
[Result "1/2-1/2"]
[WhiteElo "2350"]
[BlackElo "2320"]

1.c4 Nf6 2.Nf3 g6 3.d4 Bg7 4.g3 O-O 5.Bg2 d6 6.O-O Nc6 7.Nc3 e5 8.dxe5 dxe5
9.Nd5 Be6 10.Ng5 Bd7 11.Nxf6+ Bxf6 12.Ne4 Be7 13.Nc3 Qc8 14.Nd5 Bd8 15.f4 Bh3
16.fxe5 Bxg2 17.Kxg2 Nxe5 18.Qd4 Qe6 19.Bf4 Re8 20.Bxe5 Qxe5 21.Qxe5 Rxe5
22.Nc3 c6 23.Rf3 Ba5 24.Kf2 Rae8 25.Re1 R8e7 26.a3 h5 27.b4 Bb6+ 28.c5 Bc7
29.Rd1 b6 30.cxb6 Bxb6+ 31.Kf1  1/2-1/2

[Event "Copenhagen-ch"]
[Site "Copenhagen"]
[Date "1979.??.??"]
[Round "7"]
[White "Kristiansen, Jens"]
[Black "Hoi, Carsten"]
[Result "1/2-1/2"]
[WhiteElo "2365"]
[BlackElo "2355"]

1.d4 Nf6 2.Nf3 g6 3.c4 Bg7 4.g3 O-O 5.Bg2 d6 6.O-O Nbd7 7.Nc3 e5 8.e4 c6
9.h3 Re8 10.Re1 exd4 11.Nxd4 a5 12.Bf4 Ne5 13.Qe2 a4 14.Be3 Qa5 15.Rab1 Ned7
16.Qc2 Nc5 17.b4 axb3 18.axb3 Ne6 19.b4 Nxd4 20.Bxd4 Qh5 21.g4 Qh4 22.f4 Bxg4
23.Bf2 Qh5 24.hxg4 Nxg4 25.Ne2 Ra3 26.Rb3 Rxb3 27.Qxb3 Rxe4 28.Qd3 Nxf2 29.Kxf2 Qh4+
30.Kf3 Qxe1 31.Qxe4 Qxb4 32.Kf2 Bf6 33.Bf3 Kg7 34.Kg2 Qd2 35.Qb1 Qb2 36.Qd3 Qb4
37.Bg4 Qc5 38.Ng3 Qd4 39.Qxd4 Bxd4 40.Bc8 b5 41.Bd7 bxc4 42.Bxc6 c3 43.Ne2 Be3
44.Kf3 Bd2 45.Ba4 h5 46.Bb3 Kf6 47.Ng3 d5 48.Ne2 Ke6 49.Ba4 h4 50.Kg4 Be1
51.Nd4+ Kd6 52.Nf3 Bf2 53.Ne5 Ke6 54.Bc2 Bg3 55.Nd3 f6 56.Nb4  1/2-1/2

[Event "Lone Pine op"]
[Site "Lone Pine"]
[Date "1979.??.??"]
[Round "2"]
[White "Quinteros, Miguel A"]
[Black "Zlotnikov, Mikhail"]
[Result "1-0"]
[WhiteElo "2545"]
[BlackElo "2435"]

1.Nf3 Nf6 2.c4 g6 3.d4 Bg7 4.g3 O-O 5.Bg2 d6 6.O-O Nbd7 7.Nc3 e5 8.e4 Re8
9.h3 exd4 10.Nxd4 Nc5 11.Re1 a5 12.Qc2 c6 13.Bf4 Nh5 14.Be3 a4 15.Rab1 f5
16.Rbd1 Nxe4 17.Nxa4 Qa5 18.b3 Bd7 19.Ne2 c5 20.Bxe4 Rxe4 21.Qd3 Bxa4 22.bxa4 Qxa4
23.g4 Nf6 24.Nc3 Qxc4 25.Nxe4 Qxe4 26.Qxd6 Qf3 27.Qe6+ Kh8 28.g5 Ne4 29.Qe7 Rg8
30.Rd8 Qxh3 31.Rxg8+  1-0

[Event "Lone Pine op"]
[Site "Lone Pine"]
[Date "1979.??.??"]
[Round "3"]
[White "Lombardy, William James"]
[Black "Ligterink, Gert"]
[Result "1/2-1/2"]
[WhiteElo "2520"]
[BlackElo "2440"]

1.Nf3 Nf6 2.g3 g6 3.c4 Bg7 4.d4 O-O 5.Bg2 d6 6.O-O Nc6 7.Nc3 a6 8.h3 Rb8
9.Bg5 b5 10.cxb5 axb5 11.Rc1 Bd7 12.e4 b4 13.Bxf6 Bxf6 14.Nd5 Bg7 15.Qd2 e6
16.Ne3 e5 17.dxe5 Nxe5 18.Nxe5 Bxe5 19.Nc4 Bb5 20.Nxe5 dxe5 21.Rfd1 Qe7 22.Qc2 c6
23.h4 Ra8 24.b3 Rfd8 25.Rxd8+ Rxd8 26.Bf1 Bxf1 27.Kxf1 Ra8 28.Kg2 h5 29.Qxc6 Rxa2
30.Rd1 Ra7 31.Rd6 Kg7 32.Qb6 Rb7 33.Qd8 Qxd8 34.Rxd8 Kf6 35.Rc8 Ke6 36.Rc6+ Kd7
37.Rc4 f6 38.Kf3 Kd6 39.Ke3 g5 40.f3 gxh4 41.gxh4 Rb8 42.Kf2 Rb7 43.f4 exf4
44.Kf3 Ke5 45.Rc5+ Kd4 46.Rc8 Ke5  1/2-1/2

[Event "Marshall op"]
[Site "New York"]
[Date "1979.??.??"]
[Round "6"]
[White "Shahade, Michael"]
[Black "Popovych, Orest"]
[Result "1/2-1/2"]
[WhiteElo "2340"]
[BlackElo "2365"]

1.Nf3 Nf6 2.c4 g6 3.g3 Bg7 4.Bg2 d6 5.d4 O-O 6.O-O Nc6 7.Nc3 Bg4 8.d5 Na5
9.Nd2 c5 10.h3 Bd7 11.Qc2 e5 12.dxe6 Bxe6 13.Nd5 Nxd5 14.cxd5 Bf5 15.e4 Bd7
16.Nf3 b5 17.Bf4 Qb6 18.Rad1 Rac8 19.g4 b4 20.e5 Bb5 21.Rfe1 Nc4 22.b3 Nxe5
23.Nxe5 dxe5 24.Bxe5 Bxe5 25.Rxe5 Qd6 26.Re4 a5 27.Rc1 Rfe8 28.Rxe8+ Rxe8
29.Bf3 Rc8 30.Qe4 a4 31.bxa4 Bxa4 32.Be2 Re8 33.Qf3 Qe5 34.Bc4 Kg7 35.d6 Qxd6
36.Qxf7+ Kh8 37.Qd5 Qf4 38.Rf1 Qd4 39.Qxd4+ cxd4 40.Bd3 Rc8 41.Rb1 Rb8 42.Rc1 b3
43.axb3 Rxb3 44.Rc4  1/2-1/2

[Event "SWE-ch"]
[Site "?"]
[Date "1979.??.??"]
[Round "?"]
[White "Ostberg, Peter"]
[Black "Sjoberg, Mats"]
[Result "0-1"]
[WhiteElo "2300"]
[BlackElo "2200"]

1.d4 Nf6 2.c4 g6 3.Nf3 Bg7 4.g3 O-O 5.Bg2 d6 6.O-O c5 7.Nc3 Nc6 8.d5 Na5
9.Nd2 a6 10.Qc2 Rb8 11.b3 b5 12.Bb2 Bh6 13.cxb5 axb5 14.Nde4 Bg7 15.Nxf6+ exf6
16.Rad1 f5 17.Nb1 b4 18.Bxg7 Kxg7 19.Rfe1 Qf6 20.e3 Ba6 21.Bf1 Bxf1 22.Rxf1 Rfc8
23.Nd2 Rc7 24.Rc1 Qe5 25.Qd3 Ra7 26.Rfe1 h5 27.f4 Qf6 28.e4 Re8 29.e5 dxe5
30.Qb5 Rae7 31.Nf3 exf4 32.Rxe7 Rxe7 33.Qxa5 Re3 34.Rf1 Qc3 35.Kg2 Re2+ 36.Kh3 Re3
37.Kg2 Qc2+ 38.Kg1 fxg3 39.hxg3 Qc3 40.Kg2 Qc2+ 41.Kg1 h4 42.gxh4 Qe4 43.Qxc5 Qg4+
44.Kh2 Re2+ 45.Rf2 Qxf3 46.Qd4+ Kg8 47.Rxe2 Qxe2+ 48.Kg3 Qe4 49.Qc4 f4+ 50.Kh2 Qf3
51.d6 Qg3+ 52.Kh1 f3  0-1

[Event "URS Spartakiad"]
[Site "URS"]
[Date "1979.??.??"]
[Round "?"]
[White "Kuzmin, Gennadi P"]
[Black "Lapienis, Donatas"]
[Result "1/2-1/2"]
[WhiteElo "2565"]
[BlackElo "2200"]

1.d4 Nf6 2.c4 g6 3.Nf3 Bg7 4.g3 O-O 5.Bg2 d6 6.O-O Nc6 7.Nc3 Bf5 8.d5 Na5
9.Nd4 Bd7 10.b3 c5 11.dxc6 bxc6 12.h3 Qc8 13.Kh2 c5 14.Nc2 Bc6 15.e4 Ng4+
16.hxg4 Bxc3 17.Bd2 Bxa1 18.Qxa1 Nb7 19.Bh6 f6 20.Bxf8 Qxf8 21.Qd1 Kh8 22.f4 Rd8
23.Ne3 Qg7 24.Qd2 e6 25.Kg1 Rd7 26.a3 a5 27.Rf2 Rd8 28.Qc3 e5 29.Qd3 Qe7
30.Nd5 Bxd5 31.cxd5 Kg7 32.Qa6 g5 33.fxg5 fxg5 34.Bf1 Qc7 35.Qc6 Rd7 36.Rf5 h6
37.Bb5 Re7 38.Kf2 Nd8 39.Qxc7 Rxc7 40.Ke3 Rb7 41.Ba4 c4 42.bxc4 Rc7  1/2-1/2

[Event "URS Spartakiad"]
[Site "URS"]
[Date "1979.??.??"]
[Round "?"]
[White "Akopian, Artak"]
[Black "Golovey, Tamara O"]
[Result "1/2-1/2"]
[WhiteElo "2000"]
[BlackElo "2130"]

1.d4 g6 2.c4 Bg7 3.Nf3 Nf6 4.g3 O-O 5.Bg2 d6 6.O-O Nc6 7.Nc3 a6 8.d5 Na5
9.Nd2 c5 10.Qc2 Rb8 11.b3 b5 12.Bb2 e5 13.e4 Bh6 14.f4 Ng4 15.Rae1 exf4 16.gxf4 bxc4
17.bxc4 Bg7 18.h3 Bd4+ 19.Kh1 Ne3 20.Rxe3 Bxe3 21.Ncb1 Qh4 22.f5 Bf4 23.Nf3 Qg3
24.Bc3 Nxc4 25.Be1 Qxg2+ 26.Qxg2 Ne3 27.Qg1  1/2-1/2

[Event "JUG-URS"]
[Site "URS"]
[Date "1979.??.??"]
[Round "?"]
[White "Vukic, Milan"]
[Black "Gufeld, Eduard"]
[Result "1-0"]
[WhiteElo "2485"]
[BlackElo "2530"]

1.d4 Nf6 2.c4 g6 3.Nf3 Bg7 4.g3 O-O 5.Bg2 d6 6.O-O c5 7.Nc3 Nc6 8.d5 Na5
9.Nd2 e5 10.e4 Ng4 11.h3 Nh6 12.b3 f5 13.exf5 gxf5 14.Bb2 Bd7 15.Qc2 a6 16.Rae1 Qg5
17.Ne2 Rae8 18.Bc3 b6 19.f4 exf4 20.Nf3 Qd8 21.Bxg7 Kxg7 22.Nxf4 Kg8 23.Nh5 Rxe1
24.Rxe1 Re8 25.Qc3 Rxe1+ 26.Qxe1 Kf8 27.Qc3 Qe7 28.h4 Ng8 29.Ng5 h6 30.Nf4 Qe8
31.Nge6+ Bxe6 32.dxe6 Nc6 33.Bxc6 Qxc6 34.Ng6+ Ke8 35.Qh8  1-0

[Event "Baku"]
[Site "Baku"]
[Date "1980.??.??"]
[Round "1"]
[White "Padevsky, Nikola"]
[Black "Grigorian, Karen Ashotovich"]
[Result "1/2-1/2"]
[WhiteElo "2415"]
[BlackElo "2475"]

1.d4 Nf6 2.c4 g6 3.Nf3 Bg7 4.g3 O-O 5.Bg2 d6 6.O-O Nbd7 7.Nc3 e5 8.e4 a6
9.Qc2 c6 10.d5 cxd5 11.cxd5 b5 12.a3 Nb6 13.Ne1 Bb7 14.b3 Rc8 15.Bd2 Nfd7
16.Nd3 f5 17.f3 h5 18.Rfc1 Nf6 19.Qd1 fxe4 20.fxe4 Nbd7 21.Qe2 Ng4 22.Nd1 Bh6
23.Bxh6 Nxh6 24.Bh3 Nf7 25.Be6 Kg7 26.h4 Rxc1 27.Rxc1 Nf6 28.N3f2 Re8 29.Qe3  1/2-1/2

[Event "Baku"]
[Site "Baku"]
[Date "1980.??.??"]
[Round "11"]
[White "Csom, Istvan"]
[Black "Vogt, Lothar"]
[Result "1/2-1/2"]
[WhiteElo "2510"]
[BlackElo "2510"]

1.Nf3 g6 2.d4 Nf6 3.g3 Bg7 4.Bg2 O-O 5.c4 d6 6.Nc3 Nbd7 7.O-O e5 8.h3 Re8
9.e4 a6 10.Re1 c6 11.Rb1 b5 12.Qc2 exd4 13.Nxd4 Bb7 14.cxb5 cxb5 15.Bg5 Qc8
16.Qd2 Nb6 17.Bxf6 Bxf6 18.Nd5 Bxd5 19.exd5 Qc4 20.Red1 Bxd4 21.Bf1 Bxf2+
22.Qxf2 Qc5 23.Rbc1 Qxf2+ 24.Kxf2 Na4 25.Rc6 Nxb2 26.Rd2 Na4 27.Rxd6 Nc3
28.Bg2 Ne4+ 29.Bxe4 Rxe4 30.Rb6 Kf8 31.d6 Ke8 32.Kf3 Re6 33.Rb7 Rd8 34.Rb6 Ra8
35.Rb7 Rd8 36.Rb6 Ra8  1/2-1/2

[Event "Biel (Women)"]
[Site "Biel"]
[Date "1980.??.??"]
[Round "?"]
[White "Fischdick, Gisela"]
[Black "Sinka, Brigitta"]
[Result "1/2-1/2"]
[WhiteElo "2235"]
[BlackElo "1975"]

1.d4 Nf6 2.c4 g6 3.g3 Bg7 4.Bg2 O-O 5.Nf3 d6 6.O-O c5 7.Nc3 Nbd7 8.b3 a6
9.Bb2 Rb8 10.dxc5 Nxc5 11.Nd4 Bd7 12.Re1 Qc8 13.Rc1 Ne6 14.Nd5 Qd8 15.Nxe6 fxe6
16.Nf4 e5 17.Nd5 b6 18.Rf1 a5 19.a4 Be6 20.Qd2 Kh8 21.Rcd1 Nd7 22.f4 Bxd5
23.Bxd5 Qc7 24.Kh1 exf4 25.Bxg7+ Kxg7 26.gxf4 Rf6 27.Rf2 Rbf8 28.Rdf1 Nc5
29.Qc3 e5 30.fxe5 dxe5 31.Rxf6 Rxf6 32.Rxf6 Kxf6 33.Kg2  1/2-1/2

[Event "COL-ch"]
[Site "Bogota"]
[Date "1980.??.??"]
[Round "?"]
[White "Cuellar, Jorge"]
[Black "Zapata, Alonso"]
[Result "1/2-1/2"]
[WhiteElo "2200"]
[BlackElo "2410"]

1.c4 g6 2.g3 Bg7 3.Bg2 d6 4.d4 Nf6 5.Nf3 O-O 6.O-O Nc6 7.Nc3 a6 8.b3 Rb8
9.Bb2 b5 10.cxb5 axb5 11.Rc1 Bd7 12.Re1 Nb4 13.Qd2 c6 14.h3 Qb6 15.e4 Rfd8
16.a3 Na6 17.b4 Be8 18.Ba1 e5 19.Red1 Nd7 20.Ne2 f6 21.h4 Bf7 22.Bh3 Nf8
23.Nc3 h5 24.Rb1 Kh7 25.d5 Bh6 26.Qd3 c5 27.bxc5 Nxc5 28.Qe2 Be8 29.Na2 Ra8
30.Bb2 Ra5 31.Nb4 Na6 32.Bc1 Bxc1 33.Rdxc1 Nc5 34.Rc3 Rda8 35.Qe3 Qa7 36.Nd2 Rxa3
37.Rbc1 Rxc3 38.Rxc3 Bd7 39.Bf1 Na4 40.Nc6 Qb7 41.Rb3 Bxc6 42.dxc6 Qxc6 43.Rxb5 Nc5
44.Rb1 Nfe6 45.Bc4 Qc7 46.Bd5 Rb8 47.Rc1 Nd4 48.Nf3 Nc6 49.Nh2 Nb4 50.Bc4 Qb7
51.f3 Qb6 52.Nf1 Nc6 53.Kh1 Qb2 54.Qc3 Nd4 55.Qxb2 Rxb2 56.Nh2 f5 57.Ra1 fxe4
58.Ra7+ Kh6 59.Bg8 g5 60.Ng4+ hxg4 61.Rh7+ Kg6 62.h5+ Kf6 63.Rf7+ Ke6 64.Rb7+ Kf6  1/2-1/2

[Event "HUN-ch"]
[Site "Budapest"]
[Date "1980.??.??"]
[Round "?"]
[White "Vadasz, Laszlo"]
[Black "Hazai, Laszlo"]
[Result "1/2-1/2"]
[WhiteElo "2500"]
[BlackElo "2425"]

1.Nf3 g6 2.d4 Nf6 3.c4 Bg7 4.g3 O-O 5.Bg2 d6 6.O-O Nbd7 7.Nc3 e5 8.e4 c6
9.Rb1 a6 10.h3 b5 11.c5 exd4 12.Nxd4 Nxc5 13.Nxc6 Qc7 14.Nb4 Bb7 15.Nbd5 Nxd5
16.Nxd5 Bxd5 17.Qxd5 Na4  1/2-1/2